000 00582nam a22001697a 4500
003 OSt
005 20171010095516.0
008 120814t xxu||||| |||| 00| 0 eng d
040 _aMMSU
_cULS
100 _aRivera, Ma. Victoria L.
_912154
245 _aAnalysis of in-service training needs of municipal agriculture officers
_cMa. Victoria L. Rivera
260 _c2000
300 _axvii, 87 leaves
_c28 cm.
500 _aThesis (MS Rural Development) -- Mariano Marcos State University-Graduate School, Laoag City
504 _aBibliography: leaves 73-75
942 _2ddc
_cTHEDIS
999 _c9731
_d9731